The Next Word Quiz Stats

 Plays Quiz Updated Jan 20, 2017

Also try: Word Overlaps
Challenge
Share
Tweet
Embed
Score 0/14 Timer 06:00
0 Plays Today
Letters Next Word % Correct
DO RE MIFA (Do-Re-Mi Lyrics)
86.7%
MO TU WETHURSDAY (Days of the Week)
65.7%
ON TW THFOUR (Numbers)
64.6%
JA FE MAAPRIL (Months)
47%
TR SQ PEHEXAGON (Regular Shapes)
45.9%
HO MA BALISA (The Simpsons)
44.5%
ME VE EAMARS (Planets)
43.2%
Letters Next Word % Correct
HY HE LIBERYLLIUM (Periodic table)
37.4%
WA AD JEMADISON (US Presidents)
35.9%
MA MA LUJOHN (Gospels)
34.4%
RE OR YEGREEN (Rainbow Colors)
33.1%
AL BE GADELTA (Greek Alphabet)
28.7%
CH IN UNINDONESIA ( Highest Population)
24.1%
SO/PH CH PRGOBLET (Harry Potter and the ....)
14.3%

You're not logged in!

Compare scores with friends on all Sporcle quizzes.
OR
Log In

You Might Also Like...

Show Comments

Extras

Top Quizzes Today


Score Distribution

Your Account Isn't Verified!

In order to create a playlist on Sporcle, you need to verify the email address you used during registration. Go to your Sporcle Settings to finish the process.

Report this User

Report this user for behavior that violates our Community Guidelines.

Details: